000 00368nam a2200169Ia 4500
100 _aKowalski/Gerald
650 _aarchitecture
250 _a2
942 _cBK
366 _f20
245 _aInformation Retrieval architecture and algorithms
260 _bSpringer
_c2011
082 _a5.1
_bKOW
300 _a305
546 _aENGLISH
_cComputers
999 _c31643
_d31643